La hija del silencio
Uloženo v:
| Hlavní autor: | |
|---|---|
| Médium: | Kniha |
| Jazyk: | španělština |
| Vydáno: |
Santiago
Nuevo Extremo
1961
|
| Vydání: | 1a. ed |
| Témata: | |
| Tagy: |
Přidat tag
Žádné tagy, Buďte první, kdo vytvoří štítek k tomuto záznamu!
|
MARC
| LEADER | 00000cam a2200000 a 4500 | ||
|---|---|---|---|
| 001 | UCE4234 | ||
| 003 | CL-VaPUC | ||
| 008 | 141016e19610000cl |||||||||||||||||spa|d | ||
| 082 | 0 | 4 | |a A823 |b WES |2 21 |
| 100 | 0 | |a West, Morris |e author |9 576803 | |
| 245 | 1 | 3 | |a La hija del silencio |
| 250 | |a 1a. ed | ||
| 300 | |a 327 p | ||
| 942 | |c BK | ||
| 945 | |d 20141016 12:02:00 |a arojas | ||
| 260 | |a Santiago |b Nuevo Extremo |c 1961 | ||
| 650 | 0 | |a Novelas australianas |9 315909 | |
| 583 | |a last modification |c 20141016 12:02:00 |k Rodrigo Vera | ||
| 999 | |c 357259 |d 357257 | ||
| 952 | |0 0 |1 0 |3 erb |4 0 |6 A_823_000000000000000_WES_1961 |7 0 |8 A |9 465128 |a BIBEDU |b BIBEDU |i 504183K |o A823 WES 1961 |p 504183K |r 2019-11-23 |w 2019-11-23 |y BK |z Catalogado en:20141016 |k LIT | ||